00478nam a22001577a 4500020001800000041000800018082001300026100001900039245004000058260002800098300000800126650002200134942000700156952014000163999001700303 a9780826459602 aENG a291bCON aConnolly Peter aApproaches to the Study of Religion aLondonbContinuumc2006 a286 aStudy of Religion cBK 00104070aHMIbHMIcGENd2023-08-24eKohinoor Book Distributorg5962.00l6m3o291 CONp25892r2026-04-30s2026-01-18w2023-08-24yBK c23345d23345